Statistics for Percy Jackson/Heroes of Olympus characters

Click here to take the quiz!

General Stats

  • This quiz has been taken 458 times
  • The average score is 19 of 22

Answer Stats

HintAnswer% Correct
The Main characterPercy Jackson
100%
^^^ 's Girlfriend (Daughter of Athena)Annabeth Chase
99%
ProtectorGrover Underwood
97%
Son of Hermes (Possessed by Kronos)Luke Castellan
97%
Camp bullyClarisse La Rue
94%
Mortal (Current Oracle)Rachel Elizabeth Dare
93%
Son of HadesNico Di Angelo
92%
Daughter of PlutoHazel Levesque
91%
^^^ 's boyfriend (Son of Jupiter)Jason Grace
91%
Son of HephaestusLeo Valdez
91%
Daughter of AphroditePiper Mclean
91%
Son of Poseidon (Happens to be a Cyclops)Tyson
91%
^^^ 's boyfriend (Son of Mars)Frank Zhang
90%
Lieutenant of Artemis (End of 3rd book onwards)Thalia Grace
87%
^^^ 's girlfriendJuniper
85%
Praetor of Camp Jupiter (Daughter of Bellona)Reyna
83%
^^^ 's boyfriendChris Rodriguez
81%
HarpyElla
79%
Teddy Murderer (Legacy of Apollo)Octavian
77%
^^^ 's sister (Queen of the Amazons)Hylla
68%
Twin sons of HermesTravis and Connor Stoll
66%
Son of Bacchus (Addicted to Kool-aid)Dakota
57%

Score Distribution

Percentile by Number Answered

Percent of People with Each Score

Your Score History

You have not taken this quiz